1316 1359 1900 1091 1389 1121 1020 1552 1210 1274 1170 1043 1768 1099 1102 1426 1018 1794 1283 1003 1725 1513 1978 1648 1989 1230 1305 1404 1319 1051 1059 1841 1262 1998 1518 1217 1126 1990 1796 1291 1560 1945 1797 1938 1853 1537 1467 1991 1010 1275 1989 1772 1223 1219 1398 1804 1033 1823 1096 1946 1749 1861 1860 1946 1839 1400 1713 1943 1934 1955 1673 1290 1507 1535 1873 1552 1964 1838 1263 1694 1003 1930 1265 1652 1034 1530 1365 1413 1933 1475 1429 1427 1439 1215 1047 1805 1002 1766 1608 BCNSPRNW ULIB Ver.6.0+V

เปลี่ยนเป็นภาษาไทย

Change to English
 แสดงรายละเอียดบรรณานุกรม
  กลับหน้าหลัก

Brief Record : Get Marc (ISO 2709) : E-mail record : QR code < ปิดหน้าต่าง
LEADER : 00000nam 2200000uu 4500
001    13399127049
003     ULIB
008    191008s2562||||th 000 0 tha d
020    ^a9786168237014
060    ^aWS103^bส943ห
100    ^aเสาวภา พรจินดารักษ์
245    ^aหมีน้อยทำแบบพ่อเก่งจัง ชุดหมีน้อย...เก่งจัง (LI ITTLE BEAR LOVES TO EAT!)
250    ^aพิมพ์ครั้งที่ 1
260    ^aกรุงเทพฯ :^bสำนักพิมพ์ Happy Parenting,^c2562
300    ^a24 หน้า;^b21 ซม.
650    ^aเด็ก^xการเรียนการสอน
945    ^p135^l0^i006237
999    ^aประนอม เกษจรัล
รายการนี้ยังไม่มีแท็ก
คุณยังไม่ได้ล็อกอิน คุณสามารถมีกิจกรรมร่วมกับเว็บไซต์ได้ แต่ต้องล็อกอินก่อน ::
  ล็อกอิน

รายการสื่อสารสนเทศ

ลำดับที่ ประเภท เลขเรียก/บาร์โค้ด สถานที่ สถานะ
1. วิทยาศาสตร์การแพทย์ และสุขภาพ
วิทยาศาสตร์การแพทย์ และสุขภาพ
WS103 ส943ห ฉ.1 
  Barcode: 006237
ห้องสมุดวิทยาเขตสวรรค์ประชารักษ์
►หนังสือทั่วไป
บนชั้น

รายการใกล้เคียง
    ผู้แต่ง [เสาวภา พรจินดารักษ์]

BibComment


ยังไม่เคยถูกคอมเมนท์

คอมเมนท์ทรัพยากรรายการนี้
  คอมเมนท์: หมีน้อยทำแบบพ่อเ..


 Copyright 2026. Bcnsprnw @Library